[Event "World Cup"]
[Site "Tbilisi GEO"]
[Date "2017.09.14"]
[EventDate "2017.09.03"]
[Round "4.6"]
[Result "1/2-1/2"]
[White "Alexander Grischuk"]
[Black "Maxime Vachier-Lagrave"]
[WhiteElo "2783"]
[BlackElo "2789"]
[PlyCount "187"]

1. Nf3 c5 2. c4 Nc6 3. Nc3 e5 4. d3 Nge7 5. g3 d5 6. cxd5 Nxd5
7. Bg2 Nc7 8. O-O Be7 9. Nd2 O-O 10. Bxc6 bxc6 11. Qa4 Rb8
12. Nc4 Rb4 13. Qa5 f6 14. b3 Bh3 15. Re1 Qb8 16. Ba3 Rb5
17. Nxb5 cxb5 18. Ne3 Qb7 19. f3 b4 20. Bb2 Na6 21. g4 h5
22. a3 Bd8 23. Qa4 hxg4 24. axb4 Nxb4 25. Qxa7 Qxa7 26. Rxa7
gxf3 27. Kf2 fxe2 28. Kxe2 Be6 29. Bc3 Bxb3 30. Rb1 Bf7
31. Bxb4 cxb4 32. Rxb4 f5 33. Rb8 e4 34. Raa8 exd3+ 35. Kxd3
Be7 36. Nxf5 Bg6 37. Rxf8+ Bxf8 38. Ke4 Kf7 39. Ke5 Bxf5
40. Kxf5 g6+ 41. Kg5 Bc5 42. Kh6 Be3+ 43. Kh7 g5 44. Kh6 Bf4
45. Ra2 g4+ 46. Kh5 g3 47. h3 Be3 48. Kg4 Bf2 49. Kf3 Kg6
50. Ra5 Kh6 51. Rb5 Kg6 52. Rd5 Kh6 53. Re5 Kg6 54. Rb5 Kh6
55. Rb4 Kg5 56. Rg4+ Kh6 57. Ke4 Be1 58. Kf5 Bf2 59. Rg6+ Kh7
60. Kf6 Bd4+ 61. Kf7 Bf2 62. Kf6 Bd4+ 63. Kf5 Bf2 64. h4 Be1
65. h5 Bf2 66. Kf4 Be1 67. Kf3 Bf2 68. Ke2 Kh8 69. Kf3 Kh7
70. Kf4 Be1 71. Kg4 Bf2 72. Kf5 Be1 73. Kf4 Bf2 74. Ke5 Be1
75. Kf6 Bf2 76. Kf5 Be1 77. Kg5 Bf2 78. Kf5 Be1 79. Ke4 Bf2
80. Kf3 Be1 81. Re6 Bf2 82. h6 Bc5 83. Kxg3 Bf8 84. Kg4 Bxh6
85. Kf5 Bd2 86. Kf6 Kh6 87. Rc6 Kh5 88. Kf5 Kh4 89. Rc2 Be3
90. Re2 Bb6 91. Re6 Bc7 92. Rc6 Bb8 93. Rc3 Bg3 94. Rxg3
1/2-1/2

[Event "Bundesliga 2017/18"]
[Site "Germany GER"]
[Date "2017.10.21"]
[EventDate "2017.10.21"]
[Round "1.2"]
[Result "0-1"]
[White "Ernesto Inarkiev"]
[Black "Maxime Vachier-Lagrave"]
[WhiteElo "2693"]
[BlackElo "2794"]
[PlyCount "126"]

1. e4 c5 2. Nf3 d6 3. d4 cxd4 4. Nxd4 Nf6 5. Nc3 a6 6. Be3 Ng4
7. Bc1 Nf6 8. f3 e5 9. Nb3 Be6 10. Be3 h5 11. Qd2 Nbd7 12. Nd5
Bxd5 13. exd5 g6 14. O-O-O Nb6 15. Kb1 Nbxd5 16. Bg5 Be7
17. c4 Nf4 18. Bxf4 exf4 19. Qxf4 O-O 20. h4 d5 21. g4 Bd6
22. Qc1 Rc8 23. Qc3 dxc4 24. Na5 Qe7 25. Nxc4 Bb4 26. Qb3 hxg4
27. h5 Rfd8 28. hxg6 Rxd1+ 29. Qxd1 fxg6 30. a3 b5 31. Nb6 Rd8
32. Qb3+ Kg7 33. axb4 Qe1+ 34. Ka2 Rd1 35. Qc2 Ra1+ 36. Kb3
Qe6+ 37. Nc4 gxf3 38. Qh2 bxc4+ 39. Bxc4 Qe3+ 40. Kc2 Rxh1
41. Qxh1 Qf4 42. Kb3 Ne4 43. Bxa6 Qd6 44. Qa1 g5 45. Qa5 g4
46. Kc2 g3 47. Bd3 Qe7 48. Qb6 g2 49. Qd4+ Nf6 50. b5 Qc7+
51. Kb3 Qf7+ 52. Kc2 Qc7+ 53. Kb3 Qc1 54. Qd6 Qg5 55. Qc7+ Kh6
56. Qh2+ Nh5 57. Qc7 Qg8+ 58. Bc4 Qg6 59. Qe5 g1=Q 60. Qh8+
Qh7 61. Qe5 Qd1+ 62. Ka3 Qa7+ 63. Kb4 Qd2+ 0-1

[Event "Bundesliga 2017/18"]
[Site "Baden Baden GER"]
[Date "2017.10.22"]
[EventDate "2017.10.21"]
[Round "2.2"]
[Result "1/2-1/2"]
[White "Maxime Vachier-Lagrave"]
[Black "Peter Leko"]
[WhiteElo "2794"]
[BlackElo "2679"]
[PlyCount "58"]

1. e4 e5 2. Nf3 Nc6 3. Bc4 Bc5 4. c3 Nf6 5. d3 O-O 6. O-O d5
7. exd5 Nxd5 8. a4 a6 9. Re1 Bg4 10. h3 Bh5 11. Nbd2 f6
12. Ne4 Bb6 13. Be3 Kh8 14. Bxb6 Nxb6 15. Bb3 Nd5 16. Ng3 Bg6
17. d4 Nf4 18. Nh4 Be8 19. Re4 g5 20. Nf3 exd4 21. Nxd4 Bg6
22. Re3 Ne5 23. Ne6 Nxe6 24. Bxe6 Qxd1+ 25. Rxd1 Rad8 26. Rd4
Rfe8 27. Bf5 Kg7 28. b3 c5 29. Rxd8 Rxd8 1/2-1/2

[Event "Chess.com Speed Chess Championship 2017/18"]
[Site "chess.com INT"]
[Date "2017.10.23"]
[EventDate "2017.05.03"]
[Round "2.1"]
[Result "1-0"]
[White "Alexander Grischuk"]
[Black "Maxime Vachier-Lagrave"]
[WhiteElo "2750"]
[BlackElo "2795"]
[PlyCount "135"]

1. Nf3 c5 2. c4 Nc6 3. Nc3 e5 4. e3 Nf6 5. d4 e4 6. d5 exf3
7. dxc6 fxg2 8. cxd7+ Bxd7 9. Bxg2 g6 10. b3 Bg7 11. Qd6 Qb6
12. Qe5+ Kf8 13. Bb2 Nh5 14. Qd5 Bc6 15. Qd6+ Kg8 16. Bxc6 Rd8
17. Qe7 bxc6 18. O-O Bf6 19. Qe4 Kg7 20. Na4 Qc7 21. Rad1 Bxb2
22. Nxb2 Nf6 23. Qf3 Rxd1 24. Rxd1 Rd8 25. Rxd8 Qxd8 26. Qf4
Qd2 27. Qe5 Qe2 28. Na4 Qg4+ 29. Kf1 Qd1+ 30. Kg2 Qg4+ 31. Qg3
Qf5 32. Qf3 Qxf3+ 33. Kxf3 Nd7 34. Kf4 Kf6 35. h4 h6 36. e4
g5+ 37. hxg5+ hxg5+ 38. Ke3 Ke6 39. f4 f6 40. Nb2 gxf4+
41. Kxf4 Ne5 42. Na4 Nd7 43. Ke3 f5 44. Nb2 fxe4 45. Kxe4 Nf6+
46. Ke3 Ke5 47. Nd3+ Kd6 48. Kf4 Nd7 49. Nf2 Ke6 50. Ne4 a6
51. a3 a5 52. a4 Ke7 53. Kf5 Kd8 54. Ke6 Kc7 55. Ke7 Ne5
56. Nxc5 Nf3 57. Ne6+ Kb6 58. c5+ Kb7 59. Kd6 Nd2 60. Nd8+ Ka6
61. Kxc6 Nxb3 62. Ne6 Nd2 63. Nc7+ Ka7 64. Kb5 Ne4 65. Ne6 Kb7
66. c6+ Kc8 67. Kxa5 Nc3 68. Kb4 1-0

[Event "Chess.com Speed Chess Championship 2017/18"]
[Site "chess.com INT"]
[Date "2017.10.23"]
[EventDate "2017.05.03"]
[Round "2.2"]
[Result "1-0"]
[White "Maxime Vachier-Lagrave"]
[Black "Alexander Grischuk"]
[WhiteElo "2795"]
[BlackElo "2750"]
[PlyCount "65"]

1. e4 e5 2. Nf3 Nc6 3. Bb5 Nf6 4. d3 Bc5 5. c3 d5 6. exd5 Qxd5
7. Bc4 Qd6 8. Nbd2 O-O 9. Qe2 Bf5 10. Ng5 Na5 11. b4 Nxc4
12. Nxc4 Qxd3 13. Qxd3 Bxd3 14. Nb2 Bxf2+ 15. Kxf2 Bg6 16. Re1
h6 17. Nf3 Ne4+ 18. Kg1 f6 19. c4 a5 20. b5 Rfd8 21. a4 Rd7
22. Be3 Rad8 23. c5 Rd5 24. Rac1 Bh5 25. c6 bxc6 26. Rxc6 Bxf3
27. gxf3 Nd2 28. Kg2 f5 29. Rxc7 f4 30. Bf2 e4 31. fxe4 Rg5+
32. Kh1 Nf3 33. Rd1 1-0

[Event "Chess.com Speed Chess Championship 2017/18"]
[Site "chess.com INT"]
[Date "2017.10.23"]
[EventDate "2017.05.03"]
[Round "2.3"]
[Result "1/2-1/2"]
[White "Alexander Grischuk"]
[Black "Maxime Vachier-Lagrave"]
[WhiteElo "2750"]
[BlackElo "2795"]
[PlyCount "70"]

1. Nf3 c5 2. c4 Nc6 3. Nc3 e5 4. e3 Nf6 5. d4 e4 6. d5 exf3
7. dxc6 fxg2 8. cxd7+ Bxd7 9. Bxg2 g6 10. b3 Bg7 11. Qd6 Qb6
12. Qe5+ Kf8 13. Bb2 Nh5 14. Qd5 Bc6 15. Qd6+ Kg8 16. Bxc6 Rd8
17. Qe7 bxc6 18. Rd1 Rxd1+ 19. Kxd1 Bf6 20. Qe4 Kg7 21. Kc2
Qc7 22. h3 Rd8 23. Qf3 Be5 24. Rd1 Rxd1 25. Nxd1 Nf6 26. Bxe5
Qxe5 27. Nc3 h5 28. Qf4 Qxf4 29. exf4 Kf8 30. Kd3 Ke7 31. Ke3
Ke6 32. Na4 Nd7 33. Nc3 Nf6 34. Na4 Nd7 35. Nc3 Nf6 1/2-1/2

[Event "Chess.com Speed Chess Championship 2017/18"]
[Site "chess.com INT"]
[Date "2017.10.23"]
[EventDate "2017.05.03"]
[Round "2.4"]
[Result "0-1"]
[White "Maxime Vachier-Lagrave"]
[Black "Alexander Grischuk"]
[WhiteElo "2795"]
[BlackElo "2750"]
[PlyCount "120"]

1. e4 c5 2. Nf3 e6 3. d4 cxd4 4. Nxd4 Nc6 5. Nc3 Qc7 6. Be3 a6
7. Be2 Nf6 8. O-O Be7 9. f4 d6 10. Qe1 O-O 11. Qg3 Nxd4
12. Bxd4 b5 13. a3 Bb7 14. Rae1 Rad8 15. Bd3 Qd7 16. Nd1 Nh5
17. Qg4 Nf6 18. Qh3 e5 19. fxe5 Qxh3 20. gxh3 dxe5 21. Bxe5
Nd7 22. Bc7 Rc8 23. Bg3 Nc5 24. Nf2 Rfd8 25. Re2 h5 26. Bf4
Ne6 27. Be3 Nd4 28. Bxd4 Rxd4 29. Nd1 g6 30. Nc3 Bd6 31. Rff2
Be5 32. Kf1 Kg7 33. Ke1 Rd7 34. Kd2 Rc5 35. Rf1 a5 36. Kc1 b4
37. axb4 axb4 38. Nd5 Bxd5 39. exd5 Rdxd5 40. Kb1 Rd7 41. Re4
b3 42. Bc4 bxc2+ 43. Kxc2 Bxh2 44. b4 Rg5 45. Rf3 Rg2+ 46. Re2
Rxe2+ 47. Bxe2 f5 48. b5 Kf6 49. Rc3 Kg5 50. Rc6 Bf4 51. Bd3
Rd6 52. Bc4 Kh4 53. Rxd6 Bxd6 54. Bf7 g5 55. Kd3 Kxh3 56. Bxh5
g4 57. Bg6 f4 58. Bf5 Kg3 59. Ke2 f3+ 60. Kf1 Kf4 0-1

[Event "Chess.com Speed Chess Championship 2017/18"]
[Site "chess.com INT"]
[Date "2017.10.23"]
[EventDate "2017.05.03"]
[Round "2.5"]
[Result "1/2-1/2"]
[White "Alexander Grischuk"]
[Black "Maxime Vachier-Lagrave"]
[WhiteElo "2750"]
[BlackElo "2795"]
[PlyCount "116"]

1. d4 Nf6 2. Nf3 g6 3. Bf4 Bg7 4. e3 O-O 5. Be2 b6 6. O-O Bb7
7. c4 d6 8. Qc2 Nbd7 9. Nc3 Nh5 10. Bg5 h6 11. Bh4 g5 12. Nd2
Ndf6 13. Qd1 Nf4 14. exf4 gxh4 15. Bf3 d5 16. Re1 e6 17. cxd5
Nxd5 18. Nc4 Qf6 19. Nxd5 Bxd5 20. Bxd5 exd5 21. Ne3 Qxf4
22. Nxd5 Qxd4 23. Qf3 Rae8 24. Ne7+ Kh8 25. Re4 Qf6 26. Qe3
Rd8 27. Re1 Rd4 28. b4 Rfd8 29. h3 c5 30. bxc5 bxc5 31. Rxd4
cxd4 32. Qd3 Bf8 33. Nf5 Rd5 34. Re8 Rxf5 35. Rxf8+ Kg7
36. Ra8 Rxf2 37. Rxa7 Rb2 38. Qf3 Qxf3 39. gxf3 Kf6 40. Ra5 d3
41. Kf1 d2 42. Ke2 d1=Q+ 43. Kxd1 Rh2 44. a4 Rxh3 45. Ke2 Rh2+
46. Kf1 Ra2 47. Rh5 Rxa4 48. Rxh6+ Kg5 49. Rh7 f5 50. Kg2 Ra2+
51. Kh3 Rf2 52. Rg7+ Kf4 53. Ra7 Rxf3+ 54. Kxh4 Re3 55. Ra4+
Re4 56. Ra3 Re1 57. Ra4+ Ke5 58. Kg3 Re4 1/2-1/2

[Event "Chess.com Speed Chess Championship 2017/18"]
[Site "chess.com INT"]
[Date "2017.10.23"]
[EventDate "2017.05.03"]
[Round "2.6"]
[Result "0-1"]
[White "Maxime Vachier-Lagrave"]
[Black "Alexander Grischuk"]
[WhiteElo "2795"]
[BlackElo "2750"]
[PlyCount "36"]

1. e4 c5 2. Nf3 e6 3. d4 cxd4 4. Nxd4 Nc6 5. Nc3 Qc7 6. Be3 a6
7. Qf3 Nf6 8. O-O-O Ne5 9. Qg3 b5 10. f4 Neg4 11. e5 Nxe3
12. Qxe3 b4 13. Ne4 Nxe4 14. Qxe4 Bb7 15. Qd3 Bc5 16. Kb1 Rc8
17. Nb3 Be3 18. Na5 Bd5 0-1

[Event "Chess.com Speed Chess Championship 2017/18"]
[Site "chess.com INT"]
[Date "2017.10.23"]
[EventDate "2017.05.03"]
[Round "2.7"]
[Result "1-0"]
[White "Alexander Grischuk"]
[Black "Maxime Vachier-Lagrave"]
[WhiteElo "2750"]
[BlackElo "2795"]
[PlyCount "89"]

1. d4 Nf6 2. Nf3 g6 3. Bf4 Bg7 4. e3 O-O 5. Be2 b6 6. O-O Bb7
7. c4 d6 8. Qc2 Nbd7 9. Nc3 Nh5 10. Bg5 h6 11. Bh4 g5 12. Nd2
Ndf6 13. Qd1 Nf4 14. exf4 gxh4 15. Bf3 d5 16. cxd5 Nxd5
17. Nc4 e6 18. Ne5 Rb8 19. Nxd5 Bxd5 20. Rc1 Rc8 21. Bxd5 Qxd5
22. Nc6 Bf6 23. Qb3 Qxb3 24. axb3 a5 25. Rfd1 Ra8 26. Rc4 Rfe8
27. Kf1 Be7 28. Ke2 Bd6 29. Kf3 b5 30. Rc2 a4 31. bxa4 Rxa4
32. g3 hxg3 33. hxg3 Kg7 34. d5 exd5 35. Rxd5 b4 36. Nd4 Kg6
37. Nb5 Rd8 38. Rc6 Kg7 39. Nxd6 Rxd6 40. Rcxd6 cxd6 41. Rxd6
Ra2 42. Rd2 Kg6 43. Ke4 Ra1 44. Rd4 b3 45. Rb4 1-0

[Event "Chess.com Speed Chess Championship 2017/18"]
[Site "chess.com INT"]
[Date "2017.10.23"]
[EventDate "2017.05.03"]
[Round "2.8"]
[Result "0-1"]
[White "Maxime Vachier-Lagrave"]
[Black "Alexander Grischuk"]
[WhiteElo "2795"]
[BlackElo "2750"]
[PlyCount "32"]

1. Nf3 Nf6 2. g3 g6 3. Bg2 Bg7 4. O-O O-O 5. c4 c6 6. b3 d6
7. d4 Nbd7 8. Bb2 Re8 9. Nc3 e5 10. e4 exd4 11. Nxd4 Nc5
12. Re1 Ng4 13. b4 Qb6 14. a3 a5 15. Na2 axb4 16. axb4 Na4 0-1

[Event "Chess.com Speed Chess Championship 2017/18"]
[Site "chess.com INT"]
[Date "2017.10.23"]
[EventDate "2017.05.03"]
[Round "2.9"]
[Result "1/2-1/2"]
[White "Alexander Grischuk"]
[Black "Maxime Vachier-Lagrave"]
[WhiteElo "2750"]
[BlackElo "2795"]
[PlyCount "113"]

1. d4 Nf6 2. Nf3 g6 3. Bf4 Bg7 4. e3 O-O 5. Be2 b6 6. O-O Bb7
7. c4 d6 8. Qc2 Nbd7 9. Nc3 Nh5 10. Bg5 h6 11. Bh4 g5 12. Nd2
Ndf6 13. Qd1 Nf4 14. exf4 gxh4 15. Bf3 d5 16. cxd5 Nxd5
17. Nc4 Rb8 18. Nxd5 Bxd5 19. Ne5 Qd6 20. Rc1 Rbd8 21. Bxd5
Qxd5 22. Nc6 Rd7 23. Qg4 Kh7 24. Qxh4 Bf6 25. Qh3 Rd6 26. Ne5
Qxd4 27. Qf5+ Kh8 28. Rxc7 Qxb2 29. Nxf7+ Rxf7 30. Rc8+ Kg7
31. Qg4+ Bg5 32. fxg5 Rg6 33. gxh6+ Kh7 34. Qe4 Qxa2 35. Rh8+
Kxh8 36. Qxg6 Qd5 37. g4 Qf3 38. h3 b5 39. Qe6 Qxh3 40. Rc1
Qf3 41. Rc2 Qf6 42. Rc8+ Kh7 43. Qxf6 exf6 44. Rb8 a5 45. Rxb5
Ra7 46. g5 fxg5 47. Rxg5 a4 48. Rc5 a3 49. Rc1 Kxh6 50. Kf1
Kg5 51. Ke2 a2 52. Ra1 Kf4 53. Kd3 Kf3 54. Kc3 Kxf2 55. Kb3
Ke2 56. Rxa2+ Rxa2 57. Kxa2 1/2-1/2

[Event "Chess.com Speed Chess Championship 2017/18"]
[Site "chess.com INT"]
[Date "2017.10.23"]
[EventDate "2017.05.03"]
[Round "2.11"]
[Result "1/2-1/2"]
[White "Alexander Grischuk"]
[Black "Maxime Vachier-Lagrave"]
[WhiteElo "2750"]
[BlackElo "2795"]
[PlyCount "109"]

1. d4 Nf6 2. Nf3 g6 3. Bf4 Bg7 4. e3 O-O 5. Be2 c5 6. O-O Qb6
7. Nc3 cxd4 8. exd4 d6 9. a3 Bg4 10. Na4 Qc7 11. h3 Bxf3
12. Bxf3 Nbd7 13. Re1 Rfe8 14. Rc1 e5 15. dxe5 dxe5 16. Bg3
Rad8 17. Qe2 Qa5 18. Nc3 e4 19. Bg4 Ne5 20. Qb5 Qxb5 21. Nxb5
Nexg4 22. hxg4 Nxg4 23. c3 Bh6 24. Rcd1 Rxd1 25. Rxd1 e3
26. Re1 Bf4 27. Kf1 Bxg3 28. fxg3 Re5 29. Nd4 h5 30. Ke2 Kg7
31. a4 Rg5 32. Kf3 Ne5+ 33. Kxe3 Nc4+ 34. Kf4 Rg4+ 35. Kf3
Nxb2 36. Re7 Nxa4 37. Rxb7 Nxc3 38. Ne6+ Kg8 39. Nd8 f5
40. Ne6 Ne4 41. Rg7+ Kh8 42. Rxa7 Rxg3+ 43. Kf4 Rxg2 44. Ke5
Rg4 45. Nf4 h4 46. Nxg6+ Rxg6 47. Kxf5 Rg7 48. Ra8+ Kh7
49. Kxe4 Kh6 50. Kf3 Rg3+ 51. Kf4 Kh5 52. Rh8+ Kg6 53. Rg8+
Kf6 54. Rxg3 hxg3 55. Kxg3 1/2-1/2

[Event "Chess.com Speed Chess Championship 2017/18"]
[Site "chess.com INT"]
[Date "2017.10.23"]
[EventDate "2017.05.03"]
[Round "2.12"]
[Result "1/2-1/2"]
[White "Maxime Vachier-Lagrave"]
[Black "Alexander Grischuk"]
[WhiteElo "2795"]
[BlackElo "2750"]
[PlyCount "129"]

1. c4 c5 2. g3 g6 3. Bg2 Bg7 4. Nc3 Nc6 5. e3 e6 6. Nge2 Nge7
7. d4 cxd4 8. exd4 d5 9. cxd5 Nxd5 10. Nxd5 exd5 11. O-O O-O
12. Be3 Bg4 13. Re1 Re8 14. h3 Bf5 15. Nc3 Be6 16. Qd2 Qd7
17. h4 h5 18. Rac1 Rac8 19. Kh2 Kh7 20. Ne2 Ne7 21. Rxc8 Rxc8
22. Nf4 Nf5 23. b3 Re8 24. Bh3 Qd6 25. Nxe6 Qxe6 26. Rc1 Rc8
27. Rxc8 Qxc8 28. Bf4 Qe6 29. Qd1 Qe4 30. Bg2 Qe6 31. Qf3 Ne7
32. Be3 b6 33. Bh3 Nf5 34. Qf4 a5 35. Qc7 Bf6 36. Bxf5 gxf5
37. Qb8 Bg7 38. a4 Bf6 39. Kg1 Bg7 40. Kf1 Bf6 41. Qf4 Bg7
42. Qg5 Qg6 43. Ke2 Qxg5 44. hxg5 f6 45. Kd3 Kg6 46. gxf6 Bxf6
47. Bf4 Bd8 48. Kc3 Kf7 49. b4 Ke6 50. b5 Kd7 51. Kd3 h4
52. gxh4 Bxh4 53. Ke3 Bf6 54. Be5 Bg5+ 55. Kf3 Bc1 56. Kg3 Bg5
57. Kh3 Bd8 58. Kg2 Bg5 59. Kg3 Kd8 60. Kh3 Kd7 61. f3 Bd8
62. Kg3 Bg5 63. Kh3 Bd8 64. Kg3 Bg5 65. Kh3 1/2-1/2

[Event "Chess.com Speed Chess Championship 2017/18"]
[Site "chess.com INT"]
[Date "2017.10.23"]
[EventDate "2017.05.03"]
[Round "2.13"]
[Result "0-1"]
[White "Alexander Grischuk"]
[Black "Maxime Vachier-Lagrave"]
[WhiteElo "2750"]
[BlackElo "2795"]
[PlyCount "112"]

1. d4 Nf6 2. Nf3 g6 3. Bf4 Bg7 4. e3 O-O 5. Be2 c5 6. O-O cxd4
7. exd4 Qb6 8. Na3 d5 9. Qc1 Nc6 10. c3 Bf5 11. Nc2 Rac8
12. Ne3 Be4 13. Qd2 Nh5 14. Bg5 h6 15. Bh4 g5 16. Bg3 Nxg3
17. hxg3 e6 18. Ne1 Qa5 19. Qd1 Rfd8 20. Nd3 Qb6 21. Qb3 Qxb3
22. axb3 Bxd4 23. Ng4 Bg7 24. Nc5 b6 25. Nxe4 dxe4 26. Rfd1
Rxd1+ 27. Rxd1 Rd8 28. Rxd8+ Nxd8 29. Ne3 Kf8 30. g4 Ke7
31. g3 Nc6 32. Kf1 Ne5 33. Ke1 Kd7 34. Kd2 Bf8 35. b4 Kc6
36. Nc4 Nd7 37. Ke3 Kd5 38. Nd2 f5 39. Bc4+ Ke5 40. f4+ gxf4+
41. gxf4+ Kd6 42. gxf5 exf5 43. Nf1 b5 44. Bxb5 Nf6 45. Bc4
Nd5+ 46. Bxd5 Kxd5 47. Ng3 Ke6 48. b5 Bc5+ 49. Ke2 Kf6 50. b4
Bd6 51. Ke3 Kg6 52. Ne2 h5 53. Nd4 h4 54. Nc6 h3 55. Kf2 e3+
56. Kf3 h2 0-1

[Event "Chess.com Speed Chess Championship 2017/18"]
[Site "chess.com INT"]
[Date "2017.10.23"]
[EventDate "2017.05.03"]
[Round "2.14"]
[Result "0-1"]
[White "Maxime Vachier-Lagrave"]
[Black "Alexander Grischuk"]
[WhiteElo "2795"]
[BlackElo "2750"]
[PlyCount "58"]

1. e4 c5 2. Nf3 e6 3. b3 a6 4. Bb2 Nc6 5. Be2 d5 6. exd5 exd5
7. d4 Nf6 8. O-O Be7 9. dxc5 O-O 10. c4 Bxc5 11. Nc3 dxc4
12. Bxc4 Bg4 13. Nd5 Nxd5 14. Bxd5 Qd6 15. Be4 Rad8 16. Bxh7+
Kxh7 17. Ng5+ Kg6 18. Qxg4 f5 19. Qc4 Kxg5 20. Rae1 b5 21. h4+
Kh5 22. Qc1 f4 23. Qc2 Kh6 24. Rc1 Bd4 25. Rfd1 Qf6 26. Ba3 b4
27. Qxc6 bxa3 28. Qe4 Rd6 29. Re1 Qxh4 0-1

[Event "Chess.com Speed Chess Championship 2017/18"]
[Site "chess.com INT"]
[Date "2017.10.23"]
[EventDate "2017.05.03"]
[Round "2.15"]
[Result "1-0"]
[White "Alexander Grischuk"]
[Black "Maxime Vachier-Lagrave"]
[WhiteElo "2750"]
[BlackElo "2795"]
[PlyCount "47"]

1. e4 c5 2. Nc3 d6 3. f4 Nc6 4. Nf3 g6 5. Bc4 Bg7 6. O-O e6
7. d4 Nxd4 8. Be3 Nxf3+ 9. Qxf3 Ne7 10. Rad1 O-O 11. Bxc5 Qc7
12. Bxd6 Qxc4 13. Bxe7 Re8 14. e5 Rxe7 15. Rd8+ Bf8 16. Ne4
Kg7 17. Nf6 Qxc2 18. Qh3 h5 19. Qg3 Qf5 20. Rfd1 b6 21. Rxf8
Kxf8 22. Rd8+ Kg7 23. Rg8+ Kh6 24. h4 1-0

[Event "Chess.com Speed Chess Championship 2017/18"]
[Site "chess.com INT"]
[Date "2017.10.23"]
[EventDate "2017.05.03"]
[Round "2.16"]
[Result "1/2-1/2"]
[White "Maxime Vachier-Lagrave"]
[Black "Alexander Grischuk"]
[WhiteElo "2795"]
[BlackElo "2750"]
[PlyCount "114"]

1. d4 Nf6 2. Bf4 c5 3. d5 d6 4. Nc3 e5 5. Bd2 e4 6. Bf4 Be7
7. e3 O-O 8. Nge2 Nh5 9. Nxe4 b5 10. N4g3 Nxf4 11. Nxf4 Bf6
12. Qc1 Re8 13. Be2 Qa5+ 14. c3 b4 15. Nfh5 Be5 16. c4 g6
17. Nf4 Nd7 18. Nd3 Bg7 19. O-O Nb6 20. b3 Nd7 21. e4 Bxa1
22. Qxa1 Qd8 23. f4 Qe7 24. Bf3 a5 25. Re1 a4 26. bxa4 Rxa4
27. e5 Ra3 28. exd6 Qf8 29. Rxe8 Qxe8 30. Ne5 f6 31. Nxd7 Qe3+
32. Kh1 Rc3 33. Nxf6+ Kf7 34. Ne2 Kxf6 35. h3 Kf7 36. Kh2 Bf5
37. Qb2 Rc2 38. Qh8 Rxe2 39. Qxh7+ Kf6 40. Qh4+ Kg7 41. Bxe2
Qxe2 42. Qd8 Qe3 43. Qc7+ Kh6 44. d7 Bxd7 45. Qxd7 Qxf4+
46. Kg1 Qe3+ 47. Kh1 Qc1+ 48. Kh2 Qf4+ 49. Kg1 Qe3+ 50. Kf1
Qc1+ 51. Kf2 Qf4+ 52. Ke2 Qxc4+ 53. Kf3 Qd3+ 54. Kf2 Qd4+
55. Kf3 Qd3+ 56. Kf2 Qd4+ 57. Kf3 Qd3+ 1/2-1/2

[Event "Chess.com Speed Chess Championship 2017/18"]
[Site "chess.com INT"]
[Date "2017.10.23"]
[EventDate "2017.05.03"]
[Round "2.17"]
[Result "0-1"]
[White "Alexander Grischuk"]
[Black "Maxime Vachier-Lagrave"]
[WhiteElo "2750"]
[BlackElo "2795"]
[PlyCount "68"]

1. e4 e5 2. Nf3 Nc6 3. Bb5 Nf6 4. O-O Nxe4 5. d4 Nd6 6. Bxc6
dxc6 7. dxe5 Nf5 8. Qxd8+ Kxd8 9. h3 Bd7 10. Rd1 Be7 11. g4
Nh4 12. Nxh4 Bxh4 13. Nd2 Be7 14. Ne4 h6 15. f4 Kc8 16. f5 c5
17. Bf4 Bc6 18. Nc3 b6 19. Nd5 Bh4 20. c4 Kb7 21. Rd3 Rhe8
22. Rad1 g6 23. Kh2 g5 24. Bg3 Bxg3+ 25. Kxg3 Rxe5 26. Re3
Rae8 27. Rde1 Rxe3+ 28. Rxe3 Rxe3+ 29. Nxe3 Kc8 30. Nd1 Kd7
31. Kf2 Kd6 32. Ke3 Bg2 33. Nf2 Bf1 34. b3 Ke5 0-1

[Event "Chess.com Speed Chess Championship 2017/18"]
[Site "chess.com INT"]
[Date "2017.10.23"]
[EventDate "2017.05.03"]
[Round "2.18"]
[Result "0-1"]
[White "Maxime Vachier-Lagrave"]
[Black "Alexander Grischuk"]
[WhiteElo "2795"]
[BlackElo "2750"]
[PlyCount "46"]

1. e4 c5 2. Nf3 e6 3. g3 Nc6 4. Bg2 Nf6 5. Qe2 e5 6. O-O Be7
7. c3 d6 8. Na3 O-O 9. Nc2 Re8 10. Rd1 Bf8 11. d3 b5 12. a4 b4
13. cxb4 cxb4 14. b3 d5 15. Bb2 d4 16. Nd2 Nd7 17. f4 Nc5
18. f5 Ba6 19. Ne1 Na5 20. Rab1 Naxb3 21. Nxb3 Nxb3 22. g4 Nc5
23. Bc1 Nxa4 0-1

[Event "Chess.com Speed Chess Championship 2017/18"]
[Site "chess.com INT"]
[Date "2017.10.23"]
[EventDate "2017.05.03"]
[Round "2.20"]
[Result "0-1"]
[White "Maxime Vachier-Lagrave"]
[Black "Alexander Grischuk"]
[WhiteElo "2795"]
[BlackElo "2750"]
[PlyCount "60"]

1. d4 Nf6 2. c4 g6 3. g3 c6 4. Bg2 d5 5. Nf3 Bg7 6. Qb3 O-O
7. O-O dxc4 8. Qxc4 Bf5 9. Re1 Nbd7 10. Qb3 Qb6 11. Qa3 Rfe8
12. Nc3 e5 13. dxe5 Ng4 14. Rf1 Ngxe5 15. Nxe5 Nxe5 16. Be3
Nc4 17. Bxb6 Nxa3 18. Bc5 Nc4 19. e4 Be6 20. f4 Nxb2 21. e5
Nd3 22. Bd6 f6 23. Rfd1 Nb2 24. Re1 Nc4 25. Ne4 fxe5 26. fxe5
Bd5 27. Rab1 b5 28. Rbd1 Nxe5 29. Nc3 Nf3+ 30. Bxf3 Bxf3 0-1

[Event "Chess.com Speed Chess Championship 2017/18"]
[Site "chess.com INT"]
[Date "2017.10.23"]
[EventDate "2017.05.03"]
[Round "2.21"]
[Result "0-1"]
[White "Alexander Grischuk"]
[Black "Maxime Vachier-Lagrave"]
[WhiteElo "2750"]
[BlackElo "2795"]
[PlyCount "80"]

1. e4 c5 2. Nc3 g6 3. Nf3 Bg7 4. d4 cxd4 5. Nxd4 Nc6 6. Be3
Nf6 7. Bc4 Qa5 8. O-O O-O 9. Bb3 d6 10. Nd5 Re8 11. Nxf6+ Bxf6
12. c3 Bd7 13. f4 Nxd4 14. cxd4 e6 15. e5 Bg7 16. Qd2 Qa6
17. Rac1 Rac8 18. h3 dxe5 19. fxe5 Bb5 20. Rxc8 Rxc8 21. Rf2
Ba4 22. Bh6 Bxh6 23. Qxh6 Bxb3 24. axb3 Qa1+ 25. Kh2 Qc1
26. Rf4 a5 27. Qg5 Qxb2 28. Qf6 Rf8 29. h4 h5 30. Qg5 Qxb3
31. Rf6 Qd3 32. Rf3 Qe4 33. Rf4 Qe3 34. Qf6 a4 35. g4 Qe2+
36. Kg3 a3 37. gxh5 Qxh5 38. Rg4 a2 39. Qf1 Ra8 40. Qa1 Ra3+
0-1

[Event "Chess.com Speed Chess Championship 2017/18"]
[Site "chess.com INT"]
[Date "2017.10.23"]
[EventDate "2017.05.03"]
[Round "2.22"]
[Result "0-1"]
[White "Maxime Vachier-Lagrave"]
[Black "Alexander Grischuk"]
[WhiteElo "2795"]
[BlackElo "2750"]
[PlyCount "70"]

1. d4 Nf6 2. Bf4 c5 3. d5 d6 4. Nc3 e5 5. Bd2 Bf5 6. h3 Nbd7
7. g4 Be4 8. f3 Bg6 9. e4 a6 10. a4 Be7 11. Be3 h6 12. Nge2
Nh7 13. Ng3 Bh4 14. Bf2 O-O 15. Be2 Rb8 16. O-O Ng5 17. Kg2
Bh7 18. Be3 Kh8 19. Qd2 Re8 20. Nf5 Bxf5 21. exf5 Nf6 22. a5
b5 23. axb6 Rxb6 24. b3 Rb4 25. Rxa6 Rd4 26. Bxd4 exd4 27. Ne4
Nfxe4 28. fxe4 Rxe4 29. Bf3 Re3 30. Qa5 Qe7 31. Ra8+ Kh7
32. Qd8 Qxd8 33. Rxd8 Nxf3 34. Rxf3 Rxf3 35. Kxf3 Bxd8 0-1

[Event "Chess.com Speed Chess Championship 2017/18"]
[Site "chess.com INT"]
[Date "2017.10.23"]
[EventDate "2017.05.03"]
[Round "2.23"]
[Result "1/2-1/2"]
[White "Alexander Grischuk"]
[Black "Maxime Vachier-Lagrave"]
[WhiteElo "2750"]
[BlackElo "2795"]
[PlyCount "138"]

1. e4 e6 2. d4 d5 3. e5 c5 4. c3 Nc6 5. Nf3 Qb6 6. a3 c4
7. Nbd2 Bd7 8. b3 cxb3 9. Nxb3 Na5 10. Nxa5 Qxa5 11. Bd2 Qc7
12. Bd3 Ne7 13. O-O Ng6 14. h4 Be7 15. h5 Nf8 16. Qe2 Bc6
17. Rfc1 Nd7 18. c4 dxc4 19. Rxc4 Nb6 20. Rcc1 Qd7 21. Be4
Bxe4 22. Qxe4 O-O 23. h6 g6 24. Bg5 Rfc8 25. Bxe7 Qxe7 26. Qg4
Qf8 27. Qh4 Nd5 28. Ng5 Rxc1+ 29. Rxc1 Qxa3 30. Rf1 Qe7
31. Qg4 a5 32. Ne4 a4 33. Rb1 a3 34. Qe2 a2 35. Ra1 Qa3 36. g3
b5 37. Qxb5 Qf8 38. Qb2 Qxh6 39. Rxa2 Rxa2 40. Qxa2 Qc1+
41. Kg2 Qc6 42. Kg1 Kg7 43. Qd2 h6 44. Nd6 Nc3 45. Qe3 g5
46. Kh2 Nb5 47. Nxb5 Qxb5 48. Qf3 Qb2 49. Qf6+ Kg8 50. Qd8+
Kg7 51. Qf6+ Kg8 52. Qd8+ Kh7 53. Qf6 Qb7 54. Kg1 Qb1+ 55. Kh2
Qg6 56. Qd8 Qf5 57. Kg2 h5 58. Kg1 Kg7 59. d5 Qxe5 60. d6 Qe1+
61. Kg2 Qe4+ 62. Kg1 Qe1+ 63. Kg2 Qe4+ 64. Kh2 Qf5 65. Kg2
Qd5+ 66. Kh2 Qc5 67. Kg2 Qd5+ 68. Kg1 Qd1+ 69. Kg2 Qd5+
1/2-1/2